Проблемы экологии в производстве фосфора и фосфорсодержащих продуктов: сборник научных трудов

מידע ביבליוגרפי
מחבר תאגידי: Ленинградский государственный научно-исследовательский и проектный институт основной химической промышленности
מחברים אחרים: Воробьев О. Г. (редактор), Кириллов В. М.
שפה:רוסית
יצא לאור: Ленинград, Ленниигипрохим, 1981
נושאים:
פורמט: ספר
KOHA link:https://koha.lib.tpu.ru/cgi-bin/koha/opac-detail.pl?biblionumber=92463

MARC

LEADER 00000nam0a2200000 4500
001 92463
005 20231101213829.0
020 |a RU  |b 82-7822 
035 |a (RuTPU)RU\TPU\book\99066 
090 |a 92463 
100 |a 20060314d1981 k a0rusy5003 ca 
101 0 |a rus 
102 |a RU 
105 |a a z 001zy 
200 1 |a Проблемы экологии в производстве фосфора и фосфорсодержащих продуктов  |e сборник научных трудов  |f Ленинградский государственный научно-исследовательский и проектный ин-т основной химической промышленности  |g под ред. О. Г. Воробьева, В. М. Кириллова 
210 |a Ленинград  |c Ленниигипрохим  |d 1981 
215 |a 102 с.  |c ил.  |d 21 см. 
610 1 |a фосфорное производство 
610 1 |a отходы 
610 1 |a обезвреживание 
675 |a 661.63  |z rus 
702 1 |a Воробьев  |b О. Г.  |4 340 
702 1 |a Кириллов  |b В. М.  |4 340 
712 0 2 |a Ленинградский государственный научно-исследовательский и проектный институт основной химической промышленности  |9 24423 
801 0 |a RU  |b RuMRKP  |c 19950704  |g psbo 
801 1 |a RU  |b 63413507  |c 20060314  |g PSBO 
801 2 |a RU  |b 63413507  |c 20060731  |g PSBO 
942 |c BK